Študijný program Ekonomická univerzita v Bratislave 2004/2005
Na minha lista:
| Autor Corporativo: | |
|---|---|
| Outros Autores: | |
| Formato: | Livro |
| Idioma: | eslovaco |
| Publicado em: |
Bratislava
Ekonóm
2004
|
| Assuntos: | |
| Tags: |
Sem tags, seja o primeiro a adicionar uma tag!
|
MARC
| LEADER | 00000nam a2200000 4500 | ||
|---|---|---|---|
| 001 | 0017970 | ||
| 005 | 20230307091647.7 | ||
| 020 | |a 80-225-1877-8 | ||
| 041 | 0 | |a slo | |
| 044 | |a SK | ||
| 245 | 1 | 0 | |a Študijný program |b Ekonomická univerzita v Bratislave 2004/2005 |c [zostavila: Elena Kordošová] |
| 264 | 1 | |a Bratislava |b Ekonóm |c 2004 | |
| 300 | |a 33 s. | ||
| 610 | 2 | 0 | |a programy študijné |
| 610 | 2 | 0 | |a univerzity |
| 610 | 2 | 0 | |a vzdelávanie vysokoškolské |
| 700 | 1 | |a Kordošová, Elena | |
| 710 | 2 | |a Ekonomická univerzita v Bratislave | |